000 00906nam a22003017a 4500
001 0009290
003 KOHA_MİRAKIL
005 20260207001704.0
007 ta
008 091120b2007 tu |||gr||||#||||0|tur |
020 _a9789756372257
_c19,5
040 _aTR-BiSEU
_btur
_cTR-BiSEU
_erda
041 0 _atur
044 _ctu
050 _aDT96
_b.C48 2007
100 1 _aAltan, Çetin.
245 1 _aMemluk devletinde askeri teşkilat/
_cÇetin Altan ; Çetin Altan; hazırlayan Muhittin Salih Eren.
264 1 _aİstanbul :
_bEren yayıncılık
_c2007
300 _a300 sayfa: resimli
336 _ametin
_btxt
_2rdacontent
337 _aaracısız
_bn
_2rdamedia
338 _acilt
_bnc
_2rdacarrier
500 _aKaynakça ve dizin var.
650 0 _aTarih--Türkiye.
_910290
650 0 _aTürkiye tarihi--Memlüklüler.
_923112
650 0 _aMemlük devleti.
_923113
942 _2lcc
_cBK
999 _c9262
_d9262